Restoration of denuded lands in the North eastern India through rubber plantations (Record no. 51903)

MARC details
000 -LEADER
fixed length control field 00450nam a2200157Ia 4500
100 ## - MAIN ENTRY--AUTHOR NAME
Personal name Krishnakumar A.K.
245 #0 - TITLE STATEMENT
Title Restoration of denuded lands in the North eastern India through rubber plantations
260 ## - PUBLICATION, DISTRIBUTION, ETC. (IMPRINT)
Name of publisher Leisa India
Year of publication 2003
300 ## - PHYSICAL DESCRIPTION
Number of Pages 23-24
650 ## - SUBJECT ADDED ENTRY--TOPICAL TERM
Topical Term Ecological impact
650 ## - SUBJECT ADDED ENTRY--TOPICAL TERM
Topical Term North East India
650 ## - SUBJECT ADDED ENTRY--TOPICAL TERM
Topical Term Rubber cultivation
700 ## - ADDED ENTRY--PERSONAL NAME
Personal name Meenattoor J.R.
942 ## - ADDED ENTRY ELEMENTS (KOHA)
Koha item type Bibliography STAF
Holdings
Withdrawn status Lost status Damaged status Not for loan Home library Current library Date acquired Serial Enumeration / chronology Koha item type
      Bibliography RRII Library RRII Library 09/04/2014 Volume 5, Issue 4 Bibliography STAF